| 000 | 00569nam a2200145 a 4500 | ||
|---|---|---|---|
| 001 | 000038680 | ||
| 005 | 20201002031331.0 | ||
| 008 | 130417s2013 dr abcd 000 0 spa d | ||
| 020 | _a9789945885637 | ||
| 040 |
_aDO-SdBNP _bspa _cBNPHU |
||
| 245 | 0 | 0 |
_aIndicadores de la gestión de riesgos de desastres en República Dominicana 2012 : _bdasafíos pendientes y acciones para el avance. |
| 260 |
_aSanto Domingo : _bDirección General de Ordenamiento y Desarrollo Territorial, _c2013. |
||
| 300 |
_a56 p. : _bil., gráf., mapa ; _c29 cm. |
||
| 504 | _aBibliografía : p. 56-58 | ||
| 999 |
_c38170 _d38170 |
||